| 000 | 01090nam a22002897a 4500 | ||
|---|---|---|---|
| 001 | 9952 | ||
| 003 | FISKH | ||
| 005 | 20260319111613.0 | ||
| 008 | 260319b cb ||||| |||| 00| 0 eng d | ||
| 020 | _a9780545699693 | ||
| 040 |
_aFISKH _beng _cFISKH _dFISKH |
||
| 050 | _aPZ7 .T489 .C | ||
| 082 | _a398.209789 | ||
| 100 |
_aTingle, Tim _eAuthor |
||
| 245 |
_aCrossing book Chitto : _bA Choctaw tale of friendship & freedom / _cby Tim Tingle ; illustrated by Jeanne Rorex Bridges |
||
| 260 |
_aNew York : _bScholastic Inc. , _c2006 |
||
| 300 |
_a40 unnumbered pages : _bcolor illustrations ; _c28 cm |
||
| 505 | _aP | ||
| 520 | _aIn the 1800s, a Choctaw girl becomes friends with a slave boy from a plantation across the great river, and when she learns that his family is in trouble, she helps them cross to freedom. | ||
| 521 | 8 |
_a640
_bLexile AD |
|
| 521 | 8 |
_aP
_bRaz-Plus |
|
| 650 |
_aAfrican American _vHistorical fiction |
||
| 650 |
_aChildren's book _vChildren's literature |
||
| 700 |
_aBridges, Jeanne Rorex _eIllustrator |
||
| 942 |
_2ddc _cBK _n0 |
||
| 999 |
_c9952 _d9952 |
||